000 00284nam a2200109Ia 4500
008 220204s9999 xx 000 0 und d
082 _a82-3
_bHAR
245 0 _aJohn Creasey's crime collection 1977
260 _aLondon
_bVictor Gollancz
_c1977
700 _aHarris, Herbert
942 _cBK
999 _c27996
_d27996